|
|
|
|
| LEADER |
00000nam a2200000Ia 4500 |
| 008 |
160413b2010 cr ||||| |||| 00| | spa d |
| 020 |
|
|
|a 9789968527095
|
| 090 |
|
|
|a 06.03.06
|b 1939
|
| 100 |
1 |
|
|a Arguedas Negrini, Irma
|9 1516
|
| 245 |
1 |
0 |
|a Promoción de la permanencia de estudiantes en la educación secundaria: Manual de temas y estrategias /
|c Irma Arguedas Negrini
|
| 260 |
|
|
|a San José, Costa Rica :
|b INIE,
|c 2010
|
| 300 |
|
|
|a 108 páginas
|
| 490 |
|
|
|a Colección Yigüirro
|
| 500 |
|
|
|a Este libro es producto del trabajo conjunto del Instituto de Investigación en Educación y de la Escuela de Orientación y Educación Especial
|
| 650 |
1 |
4 |
|a EDUCACIÓN SECUNDARIA
|9 456
|
| 650 |
1 |
4 |
|a ORIENTACIÓN PEDAGÓGICA
|9 1483
|
| 650 |
1 |
4 |
|a MOTIVACIÓN
|9 801
|
| 650 |
1 |
4 |
|a RELACIONES ENTRE DOCENTES Y ALUMNOS
|9 1021
|
| 942 |
|
|
|i 002537 ,002538
|h 06.03.06 1939
|2 z
|c 01
|
| 999 |
|
|
|c 599
|d 599
|